[Event "18.int.Seniorenturnier Bad Woerishofen"]
[Site "Veranstalter: chessorg"]
[Date "2002.03.10"]
[Round "4"]
[White "Zohr, Adelbert"]
[Black "Hennig, Manfred_Dr"]
[Result "1-0"]
[WhiteElo "1762"]
[BlackElo "1480"]
[PlyCount "103"]
[EventDate "2002.03.??"]

1. e4 e5 2. Nf3 Nc6 3. Bb5 Nge7 4. Nc3 Nd4 5. Nxe5 Nxb5 6. Nxb5 d6 7. Nf3 g6 8.
d4 Bg7 9. O-O a6 10. Nc3 O-O 11. Bg5 f6 12. Bh4 g5 13. Bg3 h5 14. h3 g4 15.
hxg4 Bxg4 16. Qd3 f5 17. Bh4 Qd7 18. Rfe1 fxe4 19. Qxe4 Nc6 20. d5 Rae8 21.
dxc6 bxc6 22. Qg6 Qf5 23. Qxf5 Bxf5 24. Rxe8 Rxe8 25. Re1 Rxe1+ 26. Nxe1 Kf7
27. Bd8 Ke6 28. Bxc7 Kd7 29. Bb6 c5 30. Ba5 Bf6 31. Nd1 d5 32. Ne3 Be6 33. Nd3
Kc6 34. c3 d4 35. cxd4 cxd4 36. Nc2 Kb5 37. Bc7 Bxa2 38. Be5 Bxe5 39. Nxe5 Kc5
40. Kf1 Bb3 41. Na1 Ba4 42. Ke2 Bb5+ 43. Kd2 a5 44. g3 a4 45. Nd3+ Kd5 46. Nf4+
Ke4 47. Nxh5 Kf3 48. Ke1 d3 49. Nf6 d2+ 50. Kxd2 Kxf2 51. g4 Bc4 52. Kc3 1-0

[Event "18.int.Seniorenturnier Bad Woerishofen"]
[Site "Veranstalter: chessorg"]
[Date "2002.03.11"]
[Round "5"]
[White "Alefs, Heinz"]
[Black "Kuhn, Arno_29Ludw"]
[Result "0-1"]
[WhiteElo "1667"]
[BlackElo "1532"]
[PlyCount "66"]
[EventDate "2002.03.??"]

1. d4 d5 2. c4 e6 3. Nf3 Nf6 4. Bg5 Be7 5. e3 Nbd7 6. Nc3 c6 7. a3 O-O 8. Bd3
dxc4 9. Bxc4 Nd5 10. Bxe7 Qxe7 11. O-O f5 12. Rc1 Qf6 13. Ne2 b6 14. b4 Bb7 15.
Qb3 Kh8 16. Bd3 e5 17. dxe5 Nxe5 18. Nxe5 Qxe5 19. Nd4 Rf6 20. Nf3 Qe8 21. Qc4
a5 22. Nd4 Qg6 23. Rfe1 axb4 24. axb4 c5 25. Nxf5 Nxb4 26. Nh4 Qxd3 27. Qg4 Qe4
28. Qxe4 Bxe4 29. Rc3 g5 30. Rc4 Bd5 31. Nf3 Bxf3 32. gxf3 Rxf3 33. Rd1 Rd8 0-1

[Event "18.int.Seniorenturnier Bad Woerishofen"]
[Site "Veranstalter: chessorg"]
[Date "2002.03.11"]
[Round "5"]
[White "Bartlitz, Heinz"]
[Black "Disselberger, Alfons"]
[Result "1-0"]
[WhiteElo "1613"]
[BlackElo "1391"]
[PlyCount "65"]
[EventDate "2002.03.??"]

1. Nf3 Nf6 2. d3 d5 3. g3 e6 4. Bg2 Be7 5. O-O O-O 6. Nbd2 c5 7. e4 Nc6 8. h3
Rb8 9. Nh2 dxe4 10. dxe4 e5 11. f4 b6 12. c3 Ba6 13. Re1 Qc7 14. f5 Nd7 15.
Ndf3 Rbd8 16. Qc2 Bf6 17. g4 h6 18. h4 Be7 19. g5 hxg5 20. hxg5 Ndb8 21. Qf2
Rd6 22. Ng4 Rfd8 23. Qh4 Rd1 24. Be3 Rxa1 25. Rxa1 Bd3 26. Nfh2 Be2 27. Bf3
Bxf3 28. Nxf3 Rd3 29. f6 Bf8 30. Kf2 Rxe3 31. Rh1 Rxf3+ 32. Kxf3 Nd4+ 33. cxd4
1-0

[Event "18.int.Seniorenturnier Bad Woerishofen"]
[Site "Veranstalter: chessorg"]
[Date "2002.03.11"]
[Round "5"]
[White "Baur, Theo"]
[Black "Dunkel, Horst_38Memm"]
[Result "1/2-1/2"]
[WhiteElo "1499"]
[BlackElo "1580"]
[PlyCount "105"]
[EventDate "2002.03.??"]

1. e4 e5 2. Bc4 Nc6 3. Nf3 Nf6 4. d3 d6 5. a3 Be7 6. h3 O-O 7. Bg5 h6 8. Bh4 a6
9. Nbd2 Nd7 10. Bxe7 Qxe7 11. O-O Nb6 12. Ba2 Be6 13. Bxe6 Qxe6 14. Nh2 f5 15.
exf5 Rxf5 16. c3 Raf8 17. Ne4 Rf4 18. Ng4 Nd5 19. Qe2 Nce7 20. c4 Nb6 21. b3
Nc6 22. Qd1 Nd4 23. Kh1 Qg6 24. Ra2 Nd7 25. Ne3 Nf6 26. Nxf6+ R8xf6 27. Nd5 Rf7
28. Nxf4 Rxf4 29. b4 Nf5 30. c5 Qf7 31. Rb2 Ne3 32. Qe2 Nxf1 33. Qxf1 d5 34.
Re2 c6 35. Qe1 Qf5 36. Rxe5 Qxd3 37. Re3 Qf5 38. Kg1 Re4 39. Rxe4 Qxe4 40. Qxe4
dxe4 41. Kf1 Kf7 42. Ke2 Ke6 43. Ke3 Ke5 44. g3 g5 45. Kd2 Kd4 46. g4 a5 47.
Kc2 axb4 48. axb4 Kc4 49. Kd2 Kxb4 50. Ke3 Kxc5 51. Kxe4 b5 52. f4 gxf4 53.
Kxf4 1/2-1/2

[Event "18.int.Seniorenturnier Bad Woerishofen"]
[Site "Veranstalter: chessorg"]
[Date "2002.03.11"]
[Round "5"]
[White "Borger, Martin"]
[Black "Ruth, Walter"]
[Result "1/2-1/2"]
[WhiteElo "1748"]
[BlackElo "1855"]
[PlyCount "97"]
[EventDate "2002.03.??"]

1. e4 c5 2. Nf3 Nc6 3. d4 cxd4 4. Nxd4 Nf6 5. Nc3 e5 6. Nxc6 bxc6 7. Bg5 h6 8.
Bxf6 Qxf6 9. Bc4 Bb4 10. O-O Qg6 11. Qf3 O-O 12. Qe2 Bc5 13. Kh1 d6 14. f3 Be6
15. Rad1 Rad8 16. Na4 Bb6 17. Nxb6 axb6 18. Bxe6 Qxe6 19. b3 d5 20. exd5 Rxd5
21. c4 Rd4 22. Rxd4 exd4 23. Qxe6 fxe6 24. Rd1 c5 25. Kg1 Kf7 26. Kf2 Kf6 27.
a4 Kf5 28. Ke2 e5 29. Kd3 g5 30. Ra1 Ra8 31. Re1 h5 32. h3 Re8 33. Re4 Rg8 34.
g4+ hxg4 35. hxg4+ Ke6 36. Re1 Rh8 37. Ra1 Kd6 38. a5 Kc6 39. axb6 Kxb6 40. Ke4
Rf8 41. Rf1 Ka5 42. Kxe5 Kb4 43. Ke4 Kxb3 44. Kd3 Kb2 45. Rf2+ Kb3 46. Rf1 Re8
47. Rb1+ Ka2 48. Rb5 Re3+ 49. Kd2 1/2-1/2

[Event "18.int.Seniorenturnier Bad Woerishofen"]
[Site "Veranstalter: chessorg"]
[Date "2002.03.11"]
[Round "5"]
[White "Buchner, Matthias"]
[Black "Schafroth, Georg"]
[Result "1/2-1/2"]
[WhiteElo "1543"]
[BlackElo "1422"]
[PlyCount "55"]
[EventDate "2002.03.??"]

1. e4 e5 2. Bc4 Nf6 3. d3 d6 4. Nf3 h6 5. O-O Bg4 6. h3 Bh5 7. Be3 Be7 8. Nbd2
c5 9. c3 Nc6 10. a3 a6 11. b4 b5 12. Bb3 O-O 13. g4 Bg6 14. Nh4 Bh7 15. Nf5
Bxf5 16. gxf5 Nh7 17. Nf3 Re8 18. Kh1 Kh8 19. Bxf7 Rf8 20. Bd5 Rc8 21. Rg1 Bf6
22. Rg6 Ne7 23. Rg2 Nxd5 24. exd5 Qd7 25. d4 e4 26. Nd2 Qxf5 27. Qg4 Qxg4 28.
Rxg4 1/2-1/2

[Event "18.int.Seniorenturnier Bad Woerishofen"]
[Site "Veranstalter: chessorg"]
[Date "2002.03.11"]
[Round "5"]
[White "Budde, Reinhard"]
[Black "Girod, Gudrun"]
[Result "*"]
[WhiteElo "1598"]
[BlackElo "1387"]
[PlyCount "48"]
[EventDate "2002.03.??"]

1. e4 e5 2. Nf3 Nf6 3. d3 d6 4. h3 h6 5. Be2 Be6 6. O-O Be7 7. Be3 c5 8. c4 Nc6
9. a3 O-O 10. Bd2 Nd4 11. Nxd4 cxd4 12. f4 Bd7 13. f5 b5 14. cxb5 Bxb5 15. a4
Bc6 16. b4 a6 17. Na3 d5 18. exd5 Bxd5 19. Nc2 Rc8 20. Ne1 e4 21. dxe4 Bxe4 22.
Nd3 Bd6 23. Rc1 Rxc1 24. Qxc1 Qd7 *

[Event "18.int.Seniorenturnier Bad Woerishofen"]
[Site "Veranstalter: chessorg"]
[Date "2002.03.11"]
[Round "5"]
[White "Claus, Joachim"]
[Black "Oser, Thor"]
[Result "1-0"]
[WhiteElo "1864"]
[BlackElo "1703"]
[PlyCount "71"]
[EventDate "2002.03.??"]

1. e4 c5 2. d4 cxd4 3. c3 dxc3 4. Nxc3 Nc6 5. Nf3 d6 6. Bc4 e6 7. O-O Be7 8.
Qe2 a6 9. Rd1 Qc7 10. Bf4 Ne5 11. Bb3 b5 12. Rac1 Qb8 13. Nd4 Bd7 14. Bg3 Nf6
15. f4 Ng6 16. e5 dxe5 17. fxe5 Ng8 18. Bc2 Nh6 19. Be4 Ra7 20. Nc6 Bxc6 21.
Bxc6+ Kf8 22. Bf2 Rc7 23. Bf3 Nf5 24. Be4 Bg5 25. Rc2 Nge7 26. Qg4 Bh6 27. Qe2
g6 28. g4 Ng7 29. Bg3 Ne8 30. h4 Bg7 31. Qf3 Nf5 32. gxf5 gxf5 33. Bxf5 Bxe5
34. Bxe6 f6 35. Qh5 Qa7+ 36. Bf2 1-0

[Event "18.int.Seniorenturnier Bad Woerishofen"]
[Site "Veranstalter: chessorg"]
[Date "2002.03.11"]
[Round "5"]
[White "Diete, Guenter"]
[Black "Alicke, Manfred"]
[Result "1-0"]
[WhiteElo "1744"]
[BlackElo "1571"]
[PlyCount "37"]
[EventDate "2002.03.??"]

1. e4 c5 2. b4 b6 3. bxc5 bxc5 4. Bc4 e6 5. Nf3 Ba6 6. Bxa6 Nxa6 7. O-O Rb8 8.
d3 g6 9. Bf4 d6 10. Nbd2 h6 11. c3 Qd7 12. Nc4 g5 13. Bg3 e5 14. Ncxe5 Qc7 15.
Qa4+ Ke7 16. Ng6+ Kf6 17. Nxf8 Qb7 18. Nd7+ Kg6 19. Bxd6 1-0

[Event "18.int.Seniorenturnier Bad Woerishofen"]
[Site "Veranstalter: chessorg"]
[Date "2002.03.11"]
[Round "5"]
[White "Ganslmayer, Herbert"]
[Black "Maertins, Leo"]
[Result "1-0"]
[WhiteElo "1779"]
[BlackElo "1642"]
[PlyCount "61"]
[EventDate "2002.03.??"]

1. d4 e6 2. e3 d5 3. f4 Nf6 4. Nf3 g6 5. Bd3 Bg7 6. O-O b6 7. Nbd2 Ba6 8. Bxa6
Nxa6 9. Qe2 Nb8 10. Ne5 O-O 11. b3 Re8 12. Qf3 c5 13. Bb2 Qc7 14. Rac1 Nbd7 15.
c4 dxc4 16. bxc4 Rac8 17. g4 Rf8 18. Qg2 Rfd8 19. Ndf3 Qb7 20. Nxf7 Qe4 21.
Rfe1 Qc6 22. Nxd8 Rxd8 23. Ng5 Qd6 24. Rcd1 h6 25. dxc5 Qe7 26. Bxf6 Nxf6 27.
Rxd8+ Qxd8 28. Nxe6 Qc8 29. Nxg7 Kxg7 30. g5 h5 31. gxf6+ 1-0

[Event "18.int.Seniorenturnier Bad Woerishofen"]
[Site "Veranstalter: chessorg"]
[Date "2002.03.11"]
[Round "5"]
[White "Gruebling, Karl_Heinz"]
[Black "Gestrich, Wolfgang_ProfDr"]
[Result "0-1"]
[WhiteElo "1572"]
[BlackElo "1595"]
[PlyCount "118"]
[EventDate "2002.03.??"]

1. d4 Nf6 2. Nf3 d6 3. c4 c5 4. e3 Bg4 5. Be2 h6 6. Nc3 a6 7. O-O e6 8. dxc5
dxc5 9. Qxd8+ Kxd8 10. h3 Bxf3 11. Bxf3 Kc7 12. e4 g5 13. b3 Nc6 14. Bb2 Nd4
15. e5 Nxf3+ 16. gxf3 Nd7 17. Rfe1 Bg7 18. Nd1 b5 19. Rc1 b4 20. Re4 Rae8 21.
Ne3 f5 22. exf6 Bxf6 23. Bxf6 Nxf6 24. Re5 Kd6 25. Re4 Nxe4 26. fxe4 h5 27.
Rd1+ Kc6 28. Rd2 Rd8 29. Re2 Rd7 30. e5 Rhd8 31. Nf1 Rd1 32. Kg2 h4 33. f3 R8d3
34. Kf2 Rc3 35. Nd2 Rc2 36. Ne4 Rxe2+ 37. Kxe2 Ra1 38. Nxg5 Rxa2+ 39. Kd1 Kd7
40. Ne4 Kc6 41. Ng5 Ra1+ 42. Kd2 Ra3 43. Kc2 Ra2+ 44. Kc1 Re2 45. f4 Kd7 46.
Kd1 Rb2 47. Ne4 Kc6 48. Kc1 Rxb3 49. Ng5 Rc3+ 50. Kb2 a5 51. Nxe6 Rxh3 52. f5
Re3 53. f6 Rxe5 54. f7 Re2+ 55. Kc1 Rf2 56. Ng5 h3 57. Nxh3 Rxf7 58. Ng5 Rf1+
59. Kb2 a4 0-1

[Event "18.int.Seniorenturnier Bad Woerishofen"]
[Site "Veranstalter: chessorg"]
[Date "2002.03.11"]
[Round "5"]
[White "Haasper, Peter"]
[Black "Mantzouneas, Nikolaos"]
[Result "1/2-1/2"]
[WhiteElo "1793"]
[BlackElo "1865"]
[PlyCount "87"]
[EventDate "2002.03.??"]

1. d4 d5 2. c4 c6 3. Nf3 Nf6 4. Nc3 e6 5. cxd5 exd5 6. Bg5 Be7 7. e3 O-O 8. Qc2
Nbd7 9. Bd3 Re8 10. O-O Nf8 11. Rab1 Ng6 12. b4 a6 13. a4 b5 14. Bxg6 hxg6 15.
Rb2 Bf5 16. Qe2 Nd7 17. Bxe7 Qxe7 18. a5 g5 19. Ne1 Qf6 20. Qd2 Re6 21. Nd3
Rae8 22. Rc1 Qg6 23. Ne1 g4 24. Ne2 Rd6 25. Rb3 Nf6 26. Ng3 Ne4 27. Nxe4 dxe4
28. Rbc3 Rc8 29. g3 Be6 30. Ng2 Bc4 31. Nf4 Qf5 32. Rxc4 bxc4 33. Rxc4 Qd7 34.
Qc2 g5 35. Ng2 f5 36. Rc5 Rd5 37. Qc4 Qb7 38. Ne1 Kf8 39. Nc2 Ke7 40. Na3 Rxc5
41. Qxc5+ Ke8 42. Nc4 Rd8 43. Nd6+ Rxd6 44. Qxd6 1/2-1/2

[Event "18.int.Seniorenturnier Bad Woerishofen"]
[Site "Veranstalter: chessorg"]
[Date "2002.03.11"]
[Round "5"]
[White "Harke, Horst"]
[Black "Xander, Karl_Dr"]
[Result "0-1"]
[WhiteElo "1755"]
[BlackElo "1969"]
[PlyCount "88"]
[EventDate "2002.03.??"]

1. d4 Nf6 2. c4 g6 3. Nc3 d5 4. cxd5 Nxd5 5. e4 Nxc3 6. bxc3 Bg7 7. Be3 c5 8.
Bb5+ Nd7 9. Ne2 O-O 10. dxc5 Qc7 11. Bxd7 Bxd7 12. Rb1 Rfd8 13. Qc2 Bc6 14. O-O
Qe5 15. f3 Qc7 16. Rfd1 Qa5 17. Rxd8+ Rxd8 18. Bd4 e5 19. Bf2 h5 20. Nc1 Bh6
21. Nb3 Qa3 22. Qe2 a5 23. g4 hxg4 24. Bh4 gxf3 25. Qxf3 Rd7 26. Re1 a4 27. Rd1
axb3 28. Rxd7 Bxd7 29. axb3 Qxb3 30. Qd3 Qe6 31. c4 Bf4 32. Kg2 Kg7 33. h3 g5
34. Be1 Bc6 35. Bc3 Qd7 36. Qf3 f5 37. Qh5 Bxe4+ 38. Kf2 Qe7 39. Bb4 Bc6 40.
Qd1 Qd7 41. Qd6 Qxd6 42. cxd6 b6 43. c5 bxc5 44. Bxc5 Kf7 0-1

[Event "18.int.Seniorenturnier Bad Woerishofen"]
[Site "Veranstalter: chessorg"]
[Date "2002.03.11"]
[Round "5"]
[White "Hennig, Manfred_Dr"]
[Black "Erler, Klaus_Juergen"]
[Result "0-1"]
[WhiteElo "1480"]
[BlackElo "1677"]
[PlyCount "94"]
[EventDate "2002.03.??"]

1. c4 e6 2. Nc3 d5 3. cxd5 exd5 4. d4 Nf6 5. e3 c6 6. Nf3 Be7 7. a3 O-O 8. h3
Re8 9. Be2 Kh8 10. O-O Ne4 11. Ne5 Nd6 12. f4 f6 13. Nf3 Be6 14. Bd3 Bg8 15. f5
Bf8 16. b3 Ne4 17. Bxe4 dxe4 18. Nd2 Bd5 19. Qc2 Bd6 20. Ndxe4 Bc7 21. b4 Na6
22. Bd2 Qe7 23. Nf2 Bc4 24. Nfe4 Bxf1 25. Rxf1 Rad8 26. g4 Bb8 27. Rf2 Nc7 28.
Rg2 Nd5 29. Nxd5 Qxe4 30. Qxe4 Rxe4 31. Nc3 Ree8 32. Kf2 b6 33. Kf3 Kg8 34. Bc1
Kf7 35. Bb2 Bd6 36. Rd2 a6 37. Na4 Rb8 38. e4 a5 39. Bc3 axb4 40. axb4 Ra8 41.
Nxb6 Ra3 42. Rd3 Bxb4 43. Ke3 Rxc3 44. Rxc3 Bxc3 45. Kd3 Ba5 46. Nc4 Bc7 47.
Ne3 Ra8 0-1

[Event "18.int.Seniorenturnier Bad Woerishofen"]
[Site "Veranstalter: chessorg"]
[Date "2002.03.11"]
[Round "5"]
[White "Hennige, Anneliese"]
[Black "Wendel, Walter"]
[Result "0-1"]
[WhiteElo "1144"]
[BlackElo "1413"]
[PlyCount "95"]
[EventDate "2002.03.??"]

1. e4 c5 2. Nf3 d6 3. d4 cxd4 4. Nxd4 Nf6 5. Nc3 a6 6. Bd3 Nc6 7. Be3 Ng4 8.
Qe2 Nxe3 9. Qxe3 Ne5 10. Be2 e6 11. O-O Be7 12. f4 Nc6 13. Nf3 O-O 14. a3 b5
15. b4 Bf6 16. e5 Be7 17. Rad1 Qc7 18. exd6 Bxd6 19. Qe4 f5 20. Qd3 Bxf4 21. g3
Rd8 22. Nd5 Rxd5 23. Qb3 Be3+ 24. Qxe3 Qa7 25. Qf2 Qxf2+ 26. Kxf2 h6 27. Kg2
Ra7 28. c4 Rxd1 29. Rxd1 bxc4 30. Bxc4 Kf7 31. Kf2 Ke7 32. Re1 Rc7 33. Rd1 Nxb4
34. axb4 Rxc4 35. Ne5 Rc2+ 36. Kg1 Kf6 37. Re1 Ra2 38. Nf3 Bb7 39. Rf1 h5 40.
h4 g6 41. Rf2 Rxf2 42. Kxf2 Bxf3 43. Kxf3 Ke5 44. Ke3 Kd5 45. Kd3 e5 46. Ke3
Kc4 47. Kf3 Kxb4 48. Ke3 0-1

[Event "18.int.Seniorenturnier Bad Woerishofen"]
[Site "Veranstalter: chessorg"]
[Date "2002.03.11"]
[Round "5"]
[White "Kahler, Kurt"]
[Black "Block, Herbert"]
[Result "1-0"]
[WhiteElo "1727"]
[BlackElo "1485"]
[PlyCount "61"]
[EventDate "2002.03.??"]

1. e4 e5 2. f4 exf4 3. Nf3 d6 4. d4 Bg4 5. Bxf4 g5 6. Be3 Nd7 7. Bc4 Qe7 8. O-O
f6 9. Nc3 c6 10. Qd2 O-O-O 11. b4 Nb6 12. Bd3 h5 13. d5 c5 14. bxc5 dxc5 15.
Nb5 a6 16. Na3 Bxf3 17. Rxf3 Qe5 18. Rb1 Qc7 19. Qe2 Bd6 20. Bxa6 Kd7 21. Qb5+
Ke7 22. Qxb6 Qxb6 23. Rxb6 bxa6 24. Rxa6 Nh6 25. Nc4 Ng4 26. Rxd6 Rxd6 27. Bxc5
Rhd8 28. Nxd6 Rxd6 29. Bxd6+ Kxd6 30. h3 Ne5 31. Rxf6+ 1-0

[Event "18.int.Seniorenturnier Bad Woerishofen"]
[Site "Veranstalter: chessorg"]
[Date "2002.03.11"]
[Round "5"]
[White "Kaiser, Hans_35BGladb"]
[Black "Leschhorn, Heinrich"]
[Result "0-1"]
[WhiteElo "1619"]
[BlackElo "1846"]
[PlyCount "70"]
[EventDate "2002.03.??"]

1. e4 Nf6 2. e5 Nd5 3. Bc4 Nb6 4. Bb3 c5 5. d3 e6 6. Nf3 Nc6 7. Nc3 d5 8. exd6
Bxd6 9. Ne4 Be7 10. O-O O-O 11. Qe2 Na5 12. Bd2 Nxb3 13. axb3 Nd5 14. Neg5 h6
15. Nh3 b6 16. Nf4 Nxf4 17. Bxf4 Bf6 18. Be5 Bb7 19. c3 Bxf3 20. gxf3 Bxe5 21.
Qxe5 Qxd3 22. Qe3 Qg6+ 23. Kh1 Rfd8 24. Rg1 Qf6 25. Rg3 Rd5 26. Qe4 Rad8 27.
Rxa7 Rd2 28. Kg2 Rxb2 29. f4 Rxb3 30. Qe2 c4 31. Rf3 g6 32. Rc7 b5 33. Kg3 Rd5
34. Re3 Rh5 35. h3 Rf5 0-1

[Event "18.int.Seniorenturnier Bad Woerishofen"]
[Site "Veranstalter: chessorg"]
[Date "2002.03.11"]
[Round "5"]
[White "Lamberger, Werner_39Oest"]
[Black "Scheerer, Helmut"]
[Result "0-1"]
[WhiteElo "1606"]
[BlackElo "1850"]
[PlyCount "70"]
[EventDate "2002.03.??"]

1. e4 e5 2. Nf3 Nc6 3. Bc4 Bc5 4. c3 Nf6 5. d4 exd4 6. cxd4 Bb4+ 7. Nc3 Nxe4 8.
O-O Bxc3 9. d5 Bf6 10. dxc6 O-O 11. Qc2 d5 12. Rd1 bxc6 13. Bd3 Qe8 14. Bf4 Rb8
15. Rab1 Rb7 16. Re1 h6 17. h3 Be6 18. Be5 Bxe5 19. Nxe5 Rb6 20. b3 Bxh3 21.
Bxe4 dxe4 22. Qxe4 Be6 23. Qh4 Qd8 24. Qf4 Qd6 25. Rbd1 Bd5 26. Rd3 Qb4 27.
Rde3 Qxf4 28. Nd7 Qg4 29. Nf6+ gxf6 30. Rg3 Rb4 31. Rxg4+ Rxg4 32. f3 Rg5 33.
Kf2 Re5 34. f4 Re4 35. g3 Rfe8 0-1

[Event "18.int.Seniorenturnier Bad Woerishofen"]
[Site "Veranstalter: chessorg"]
[Date "2002.03.11"]
[Round "5"]
[White "Liszka, Guenter"]
[Black "Auf'm_Wasser, Guenter"]
[Result "1-0"]
[WhiteElo "1792"]
[BlackElo "1588"]
[PlyCount "65"]
[EventDate "2002.03.??"]

1. e4 e5 2. Nf3 f5 3. exf5 e4 4. Qe2 Qe7 5. Nd4 Nf6 6. d3 d5 7. dxe4 Nxe4 8.
Nd2 a6 9. Nxe4 dxe4 10. Qh5+ Qf7 11. Qxf7+ Kxf7 12. Bc4+ Kf6 13. g4 b5 14. Bd5
c6 15. Be6 Bc5 16. Bxc8 Bxd4 17. Be6 g5 18. h4 gxh4 19. g5+ Ke7 20. Rxh4 Nd7
21. Rxe4 Ne5 22. Ke2 Rad8 23. c3 Bxf2 24. Kxf2 Nd3+ 25. Kf3 Nc5 26. Re3 Rhf8
27. b3 Nxe6 28. Rxe6+ Kd7 29. Re5 Kc8 30. Be3 Rd3 31. Rc1 h6 32. gxh6 Rh8 33.
Re6 1-0

[Event "18.int.Seniorenturnier Bad Woerishofen"]
[Site "Veranstalter: chessorg"]
[Date "2002.03.11"]
[Round "5"]
[White "Malik, Heinz"]
[Black "Rueggeberg, Wilhelm"]
[Result "0-1"]
[WhiteElo "1662"]
[BlackElo "1798"]
[PlyCount "84"]
[EventDate "2002.03.??"]

1. d4 Nf6 2. Nf3 d5 3. c4 e6 4. Bg5 Be7 5. Nc3 c6 6. e3 Nbd7 7. Rc1 O-O 8. Bd3
dxc4 9. Bxc4 Nd5 10. Bxe7 Nxe7 11. O-O Ng6 12. Bd3 Qe7 13. Ne4 Nf6 14. Nxf6+
Qxf6 15. Qe2 Bd7 16. Rc2 Rad8 17. b4 a6 18. h3 Rfe8 19. Re1 Qe7 20. Qd2 Kh8 21.
Bxg6 hxg6 22. Ne5 g5 23. Qe2 g6 24. Qg4 Kg7 25. Qf3 Rh8 26. g4 f6 27. Nxd7 Qxd7
28. Kg2 Rhf8 29. Qe4 Qd6 30. Rc5 Rf7 31. Rc2 Rdf8 32. a3 Rh8 33. Rec1 Rh4 34.
Rh1 Rh8 35. f3 Rd8 36. Rf2 f5 37. Qd3 Rh8 38. Rc1 e5 39. Qd2 Rd8 40. Rd1 Qd5
41. Qe2 fxg4 42. e4 gxf3+ 0-1

[Event "18.int.Seniorenturnier Bad Woerishofen"]
[Site "Veranstalter: chessorg"]
[Date "2002.03.11"]
[Round "5"]
[White "Meyer, Walter_34Henn"]
[Black "Eichinger, Adolf"]
[Result "1-0"]
[WhiteElo "1745"]
[BlackElo "1484"]
[PlyCount "91"]
[EventDate "2002.03.??"]

1. c4 c5 2. Nc3 Nc6 3. g3 b6 4. Bg2 Bb7 5. Nf3 Rb8 6. O-O g6 7. d3 Bg7 8. Bf4
d6 9. Rb1 Nf6 10. a3 O-O 11. Qd2 a6 12. b4 Nd4 13. Nxd4 Bxg2 14. Kxg2 cxd4 15.
Nd1 e5 16. Bh6 Ng4 17. Bxg7 Kxg7 18. f3 Nf6 19. g4 Qd7 20. h3 Rbc8 21. Rc1 Ne8
22. Nf2 f5 23. Rh1 Nf6 24. Qg5 h6 25. Qd2 Qe7 26. Rc2 Nd7 27. Rcc1 Nf6 28. Rcg1
d5 29. Rc1 e4 30. dxe4 dxe4 31. Qxd4 exf3+ 32. exf3 Qc7 33. Rhe1 Kh7 34. Qe5
Qxe5 35. Rxe5 Rc6 36. c5 Rd8 37. Rd1 Rxd1 38. Nxd1 bxc5 39. Rxc5 Rxc5 40. bxc5
Nd5 41. gxf5 gxf5 42. Kf2 f4 43. c6 Kg7 44. Nc3 Nxc3 45. c7 Nd1+ 46. Ke1 1-0

[Event "18.int.Seniorenturnier Bad Woerishofen"]
[Site "Veranstalter: chessorg"]
[Date "2002.03.11"]
[Round "5"]
[White "Michalowski, Richard"]
[Black "Peierl, Walter"]
[Result "0-1"]
[WhiteElo "1521"]
[BlackElo "1846"]
[PlyCount "110"]
[EventDate "2002.03.??"]

1. c4 f5 2. d4 Nf6 3. Nc3 g6 4. g3 Bg7 5. Bg2 O-O 6. Nf3 d6 7. O-O e6 8. Re1
Nc6 9. e4 Bd7 10. e5 Ng4 11. h3 Nh6 12. Bf4 Nf7 13. Qd2 a6 14. Rad1 h6 15. h4
Ne7 16. d5 Qc8 17. b4 Kh7 18. c5 Nxd5 19. Nxd5 exd5 20. Qxd5 Bc6 21. Qd2 Bxf3
22. Bxf3 dxe5 23. Be3 f4 24. gxf4 c6 25. Qd7 exf4 26. Bxf4 Kg8 27. Re7 Qxd7 28.
Rdxd7 Bf6 29. Re4 Bxh4 30. Bxh6 Bxf2+ 31. Kxf2 Nxh6 32. Kg2 Rf7 33. Rxf7 Kxf7
34. Be2 Nf5 35. Bc4+ Kf6 36. Kf3 Rh8 37. Re6+ Kg5 38. Kg2 Rh4 39. Be2 Rxb4 40.
Bxa6 bxa6 41. Rxc6 Ra4 42. Rb6 Rxa2+ 43. Kg1 Rc2 44. c6 a5 45. Ra6 a4 46. Rxa4
Rxc6 47. Kh2 Rc2+ 48. Kg1 Nh4 49. Ra5+ Kg4 50. Kf1 g5 51. Ra3 Rc4 52. Ra2 Kf4
53. Rf2+ Nf3 54. Kg2 g4 55. Re2 Rc1 0-1

[Event "18.int.Seniorenturnier Bad Woerishofen"]
[Site "Veranstalter: chessorg"]
[Date "2002.03.11"]
[Round "5"]
[White "Miessner, Rolf"]
[Black "Richter, Gerhard_Dr_28Marb"]
[Result "1/2-1/2"]
[WhiteElo "1634"]
[BlackElo "1840"]
[PlyCount "97"]
[EventDate "2002.03.??"]

1. e4 d6 2. d4 Nf6 3. Nc3 c6 4. f4 Qa5 5. Bd3 e5 6. Nf3 Bg4 7. dxe5 dxe5 8. O-O
Bc5+ 9. Kh1 Nbd7 10. h3 h5 11. Bd2 O-O 12. f5 Bxf3 13. Rxf3 Qd8 14. Bg5 Be7 15.
Qe1 Nh7 16. Bxe7 Qxe7 17. Qf2 Qg5 18. Rg1 Nhf6 19. Rg3 Qh6 20. Qe3 Qxe3 21.
Rxe3 b5 22. Be2 Nc5 23. b4 Na6 24. a3 Nc7 25. Rd1 Rac8 26. Rd6 Nce8 27. Rd2 g6
28. fxg6 fxg6 29. Nd1 Ng7 30. c4 a6 31. c5 Ne6 32. Nc3 Nd4 33. Bd1 a5 34. Ne2
Rfd8 35. Nxd4 exd4 36. Red3 Nxe4 37. Re2 Nc3 38. Re7 Re8 39. Rxe8+ Rxe8 40. Bf3
axb4 41. axb4 Rd8 42. Bxc6 Na2 43. Bxb5 Nxb4 44. Rb3 Nd5 45. Bc4 Kg7 46. c6 Kf6
47. Rb7 Ne7 48. Bb5 Rc8 49. Rd7 1/2-1/2

[Event "18.int.Seniorenturnier Bad Woerishofen"]
[Site "Veranstalter: chessorg"]
[Date "2002.03.11"]
[Round "5"]
[White "Narr, Irmgard"]
[Black "Kuhnert, Werner"]
[Result "1-0"]
[WhiteElo "1290"]
[BlackElo "1200"]
[PlyCount "61"]
[EventDate "2002.03.??"]

1. e4 e5 2. Nf3 Nf6 3. Nxe5 d6 4. Nf3 Nxe4 5. d4 Qe7 6. Be3 d5 7. Bd3 Qb4+ 8.
Nc3 Nxc3 9. bxc3 Qxc3+ 10. Bd2 Qc6 11. O-O Be7 12. Re1 Qd6 13. Rb1 O-O 14. c3
b6 15. Ng5 g6 16. Nf3 Bg4 17. h3 Be6 18. Bh6 Re8 19. Qd2 Bf6 20. Ne5 Nc6 21.
Qf4 Bg7 22. Bg5 Nxe5 23. dxe5 Qd7 24. Re3 Bf5 25. Rbe1 Bxd3 26. Rxd3 c6 27.
Rde3 Re6 28. h4 Rae8 29. Qg4 Qc7 30. h5 Rxe5 31. Bf4 1-0

[Event "18.int.Seniorenturnier Bad Woerishofen"]
[Site "Veranstalter: chessorg"]
[Date "2002.03.11"]
[Round "5"]
[White "Schlag, Franz"]
[Black "Reinke, Kurt_39Benr"]
[Result "1-0"]
[WhiteElo "2016"]
[BlackElo "1887"]
[PlyCount "77"]
[EventDate "2002.03.??"]

1. e4 c5 2. Nc3 Nc6 3. Bc4 e6 4. f4 a6 5. a4 b6 6. Nf3 Bb7 7. O-O Nd4 8. d3 g6
9. Nxd4 cxd4 10. Ne2 Bg7 11. f5 d5 12. fxe6 fxe6 13. exd5 exd5 14. Bb3 Qd7 15.
Bg5 Qg4 16. Qd2 h6 17. Bf4 g5 18. Bc7 Qe6 19. Rae1 Qe3+ 20. Qxe3+ dxe3 21. Bxb6
Bxb2 22. a5 Bc6 23. Nd4 Kd7 24. Rf7+ Ne7 25. Nxc6 Kxc6 26. Rxe7 d4 27. Re4 Bc3
28. Re2 Rad8 29. Bxd8 Rxd8 30. Re6+ Kb7 31. Rxh6 Bxa5 32. Rg6 Bc3 33. Rxg5 a5
34. Rf5 a4 35. Bxa4 Ra8 36. Bb3 Ra1+ 37. Rf1 Ra5 38. g4 Rg5 39. h3 1-0

[Event "18.int.Seniorenturnier Bad Woerishofen"]
[Site "Veranstalter: chessorg"]
[Date "2002.03.11"]
[Round "5"]
[White "Schratzenstaller, Albert"]
[Black "Janssen, Helmut_35Itze"]
[Result "1/2-1/2"]
[WhiteElo "1769"]
[BlackElo "1878"]
[PlyCount "88"]
[EventDate "2002.03.??"]

1. c4 Nf6 2. Nc3 e6 3. g3 d5 4. cxd5 exd5 5. d4 Be7 6. Bg2 O-O 7. Nf3 c6 8. O-O
Bf5 9. Bf4 Nbd7 10. a3 Ne4 11. Rc1 Ndf6 12. Qb3 Nxc3 13. bxc3 b5 14. Ne5 Qc8
15. a4 a6 16. Ra1 Nd7 17. Nxc6 Qxc6 18. Bxd5 Be6 19. Bxc6 Bxb3 20. Bxa8 Rxa8
21. axb5 a5 22. Bc7 a4 23. b6 Rc8 24. Rfc1 Bd8 25. Bxd8 Rxd8 26. c4 Nxb6 27. e3
Nxc4 28. Rxa4 Bxa4 29. Rxc4 Bb3 30. Rb4 Be6 31. Kg2 g6 32. f3 Rc8 33. Rb2 Ra8
34. e4 Ra2 35. Rxa2 Bxa2 36. Kf2 Kf8 37. h4 h5 38. Ke3 Ke7 39. Kf4 f6 40. g4
hxg4 41. fxg4 Be6 42. e5 Bd5 43. h5 gxh5 44. gxh5 fxe5+ 1/2-1/2